[Event "RUS SFO-ch"]
[Site "Zheleznogorsk"]
[Date "2016.02.20"]
[Round "8"]
[White "Safronov, Yuri"]
[Black "Bragin, Aleksandr Borisovic"]
[Result "0-1"]
[WhiteElo "2190"]
[BlackElo "2187"]
[PlyCount "94"]
[EventDate "2016.02.13"]
[EventType "swiss"]
[EventRounds "9"]
[EventCountry "RUS"]
[SourceTitle "CBM 171 Extra"]
[Source "ChessBase"]
[SourceDate "2016.04.26"]
[SourceVersion "1"]
[SourceVersionDate "2016.04.26"]
[SourceQuality "1"]

1. e4 c5 2. c3 d5 3. exd5 Qxd5 4. d4 e6 5. Nf3 Nc6 6. Be3 cxd4 7. cxd4 Nf6 8. Nc3 Qd8 9. Qa4 Qa5 10. Qxa5 Nxa5 11. Ne5 Bd6 12. Bb5+ Nd7 13. Ne4 Bb4+ 14. Ke2 a6 15. a3 Be7 16. Bd3 f6 17. Nxd7 Bxd7 18. Nc5 Bxc5 19. dxc5 Nb3 20. Rad1 Rc8 21. Be4 Nxc5 22. Bxc5 Rxc5 23. Bxb7 Rb5 24. Bxa6 Rxb2+ 25. Rd2 Rxd2+ 26. Kxd2 Ke7 27. Bd3 Ra8 28. Ra1 h6 29. g3 e5 30. Bc2 Kd6 31. Kc3 Kc5 32. a4 f5 33. Bb3 g5 34. Re1 e4 35. Rd1 Bc6 36. Rd4 f4 37. gxf4 gxf4 38. Rc4+ Kb6 39. Kd4 Rd8+ 40. Ke5 e3 41. fxe3 fxe3 42. Rc1 e2 43. Re1 Bf3 44. Rb1 Kc5 45. Kf4 Rd1 46. Bxd1 exd1Q 47. Rxd1 Bxd1 0-1

[Event "Kaluga Tsiolkovsky Memorial op"]
[Site "Kaluga"]
[Date "2012.08.07"]
[Round "8"]
[White "Mishuchkov, Nikolai Mikhailovic"]
[Black "Bragin, Aleksandr Borisovic"]
[Result "1/2-1/2"]
[WhiteElo "2418"]
[BlackElo "2234"]
[PlyCount "26"]
[EventDate "2012.07.30"]
[EventType "swiss"]
[EventRounds "9"]
[EventCountry "RUS"]
[SourceTitle "EXT 2014"]
[Source "ChessBase"]
[SourceDate "2013.11.20"]
[SourceVersion "1"]
[SourceVersionDate "2013.11.20"]
[SourceQuality "1"]

1. d4 Nf6 2. Nf3 g6 3. Nbd2 Bg7 4. e4 d6 5. c3 0-0 6. Bd3 e5 7. 0-0 Nbd7 8. Re1 b6 9. Nf1 Bb7 10. Ng3 Re8 11. Bg5 h6 12. Bd2 d5 13. exd5 exd4 1/2-1/2

[Event "Tomsk City-ch"]
[Site "Tomsk"]
[Date "2007.12.10"]
[Round "6"]
[White "Safronov, Yuri"]
[Black "Bragin, Aleksandr Borisovic"]
[Result "1-0"]
[WhiteElo "2092"]
[BlackElo "2281"]
[PlyCount "103"]
[EventDate "2007.12.01"]
[EventType "tourn"]
[EventRounds "14"]
[EventCountry "RUS"]
[SourceTitle "CBM 122 Extra"]
[Source "ChessBase"]
[SourceDate "2008.03.04"]
[SourceVersion "1"]
[SourceVersionDate "2008.03.04"]
[SourceQuality "1"]

1. d4 d5 2. Nf3 e6 3. c4 Be7 4. Nc3 Nf6 5. Bf4 c6 6. Qc2 Nbd7 7. e3 0-0 8. cxd5 Nxd5 9. Nxd5 exd5 10. Bd3 Qa5+ 11. Kf1 Nf6 12. h3 Re8 13. g4 Bf8 14. Nd2 g6 15. Kg2 Qd8 16. f3 Bg7 17. h4 h5 18. g5 Nh7 19. b4 Nf8 20. Nb3 Ne6 21. Bg3 Bd7 22. f4 Nf8 23. Rae1 Bg4 24. Rhf1 Qe7 25. f5 gxf5 26. Bxf5 Bxf5 27. Qxf5 b6 28. Rf3 Ng6 29. Ref1 Rf8 30. b5 cxb5 31. Qxd5 b4 32. Nd2 Rad8 33. Qf5 a5 34. Ne4 Qe6 35. Nf6+ Bxf6 36. gxf6 Qxa2+ 37. R1f2 Qd5 38. Qd3 Rfe8 39. Kh2 Qe4 40. Qb5 Rd5 41. Qxb6 Qd3 42. Qc6 Qb5 43. Qc1 Kh7 44. Qb1 b3 45. e4 Rxd4 46. Rf5 Qb4 47. Rxh5+ Kg8 48. Qc1 Qf8 49. Rg5 Rexe4 50. h5 Rc4 51. Qd2 Qh6 52. Rxg6+ 1-0

[Event "Tomsk City-ch"]
[Site "Tomsk"]
[Date "2007.12.09"]
[Round "7"]
[White "Bragin, Aleksandr Borisovic"]
[Black "Shkurikhin, Ilia"]
[Result "0-1"]
[WhiteElo "2281"]
[BlackElo "2371"]
[PlyCount "72"]
[EventDate "2007.12.01"]
[EventType "tourn"]
[EventRounds "14"]
[EventCountry "RUS"]
[SourceTitle "CBM 122 Extra"]
[Source "ChessBase"]
[SourceDate "2008.03.04"]
[SourceVersion "1"]
[SourceVersionDate "2008.03.04"]
[SourceQuality "1"]

1. b3 e5 2. Bb2 Nc6 3. c4 f5 4. e3 Nf6 5. a3 g6 6. d3 Bg7 7. Nf3 d6 8. g3 e4 9. Nd4 Ne5 10. dxe4 fxe4 11. Be2 0-0 12. h3 Qe7 13. Nc3 a6 14. Qd2 b5 15. cxb5 axb5 16. Ndxb5 Bb7 17. a4 Qf7 18. b4 Nfd7 19. Nxc7 Nb6 20. Nxa8 Qxf2+ 21. Kd1 Nbc4 22. Nb6 Nxd2 23. Kxd2 Nf3+ 24. Kd1 Qxe3 25. Nc4 Qg5 26. Bc1 Qxg3 27. Ra3 d5 28. Na5 Ba8 29. b5 Qg2 30. Rf1 d4 31. Bc4+ Kh8 32. Ra2 Qxh3 33. Nxe4 Bxe4 34. b6 Qh5 35. Nb3 Ne5+ 36. Ke1 Nxc4 0-1

[Event "Izmailov Memorial op 10th"]
[Site "Tomsk"]
[Date "2006.07.16"]
[Round "5"]
[White "Pushkarev, Dmitry"]
[Black "Bragin, Aleksandr Borisovic"]
[Result "0-1"]
[WhiteElo "2347"]
[BlackElo "2250"]
[PlyCount "88"]
[EventDate "2006.07.12"]
[EventType "swiss"]
[EventRounds "9"]
[EventCountry "RUS"]
[SourceTitle "EXT 2008"]
[Source "ChessBase"]
[SourceDate "2007.11.25"]
[SourceVersion "1"]
[SourceVersionDate "2007.11.25"]
[SourceQuality "1"]

1. e4 c5 2. Nf3 e6 3. d4 cxd4 4. Nxd4 Nf6 5. Nc3 d6 6. Be3 Be7 7. g4 Nc6 8. g5 Nd7 9. h4 0-0 10. f4 d5 11. exd5 exd5 12. Qf3 Bb4 13. Kf2 Nb6 14. Bd3 Bc5 15. Nxc6 Bxe3+ 16. Qxe3 bxc6 17. Rae1 Bd7 18. h5 Qc7 19. h6 g6 20. Qd4 f6 21. Re7 Qd6 22. Rg7+ Kh8 23. b4 Rae8 24. Re1 Rxe1 25. Kxe1 Bg4 26. Kf2 Nd7 27. Kg3 Qe6 28. b5 Bh5 29. Be2 Bxe2 30. bxc6 Qg4+ 31. Kf2 Ne5 32. Nxe2 Qf3+ 33. Ke1 Qh1+ 34. Kf2 Qh2+ 35. Kf1 Qh3+ 36. Kf2 Qf3+ 37. Ke1 Qh1+ 38. Kf2 Ng4+ 39. Kg3 Qh2+ 40. Kxg4 Qg2+ 41. Kh4 fxg5+ 42. fxg5 Qh2+ 43. Kg4 Qxe2+ 44. Kh4 Qh5+ 0-1

[Event "Tomsk rating op"]
[Site "Tomsk"]
[Date "2006.??.??"]
[Round "?"]
[White "Ivanov, Anatoly"]
[Black "Bragin, Aleksandr Borisovic"]
[Result "1/2-1/2"]
[WhiteElo "1945"]
[BlackElo "2250"]
[PlyCount "105"]
[EventDate "2006.06.??"]
[EventType "swiss"]
[EventRounds "9"]
[EventCountry "RUS"]
[SourceTitle "EXT 2008"]
[Source "ChessBase"]
[SourceDate "2007.11.25"]
[SourceVersion "1"]
[SourceVersionDate "2007.11.25"]
[SourceQuality "1"]

1. d4 d5 2. c4 e6 3. Nf3 Be7 4. Nc3 Nf6 5. Bg5 Nbd7 6. e3 0-0 7. Qc2 c6 8. a4 h6 9. Bxf6 Bxf6 10. b4 dxc4 11. Bxc4 e5 12. dxe5 Nxe5 13. Nxe5 Bxe5 14. 0-0 Bxh2+ 15. Kxh2 Qh4+ 16. Kg1 Qxc4 17. Qb2 Be6 18. Ne2 Rad8 19. Nd4 Bc8 20. Rfc1 Qd5 21. Rc5 Qe4 22. Rac1 Rd5 23. R5c4 Qe5 24. Qa3 Bd7 25. b5 Rc8 26. bxc6 bxc6 27. Rc5 Qd6 28. R1c4 Rxc5 29. Rxc5 Rb8 30. Qc1 Qg6 31. Qc2 Qxc2 32. Rxc2 Rc8 33. Rc5 Kf8 34. e4 Ke7 35. e5 Kd8 36. f4 Kc7 37. a5 Rb8 38. Kf2 Rb2+ 39. Kf3 Rd2 40. Nb5+ Kb8 41. Nd6 f6 42. Ne4 Rd3+ 43. Ke2 Rd4 44. Ke3 fxe5 45. Rxe5 Rd5 46. Re7 Kc8 47. Rxg7 Rxa5 48. g4 Kd8 49. f5 h5 50. Nf6 Bxf5 51. gxf5 Rxf5 52. Nxh5 Rxh5 53. Rxa7 1/2-1/2

[Event "Gipslis mem corr"]
[Site "Russia"]
[Date "2004.??.??"]
[Round "?"]
[White "Bragin, Aleksandr Borisovic"]
[Black "Malinin, Vasily Borisovich"]
[Result "1/2-1/2"]
[WhiteElo "2483"]
[BlackElo "2404"]
[PlyCount "101"]
[EventDate "2001.07.15"]
[EventType "tourn (corr)"]
[EventRounds "16"]
[EventCountry "RUS"]
[EventCategory "9"]
[SourceTitle "Corr 2008"]
[Source "ChessBase"]
[SourceDate "2008.06.24"]
[SourceVersion "1"]
[SourceVersionDate "2008.06.24"]
[SourceQuality "1"]

1. e4 c5 2. Nf3 d6 3. d4 cxd4 4. Nxd4 Nf6 5. Nc3 g6 6. Be3 Bg7 7. f3 0-0 8. Qd2 Nc6 9. Bc4 Bd7 10. h4 Ne5 11. Bb3 Rc8 12. 0-0-0 Nc4 13. Bxc4 Rxc4 14. h5 Nxh5 15. g4 Nf6 16. Nde2 Re8 17. e5 Nxg4 18. fxg4 Bxg4 19. Rdg1 Qa5 20. e6 Bxe6 21. Bd4 f6 22. Qe3 Bf7 23. Qh3 h5 24. Qd3 Rec8 25. Rh2 e5 26. Be3 d5 27. Rxg6 Bxg6 28. Qxg6 Qc7 29. Rxh5 Qd7 30. Qh7+ Kf7 31. Bh6 Rg4 32. Bxg7 Rxg7 33. Qd3 Rd8 34. Rh4 Qe6 35. Ng3 Rd7 36. Nce2 Kg8 37. Qf3 Rh7 38. Rg4+ Kf8 39. Rg6 Kf7 40. Rg5 Ke7 41. Rg6 Kf7 42. Rg5 Ke7 43. Nf5+ Kd8 44. Rg6 Qf7 45. Rg1 Kc7 46. Kb1 Kb8 47. Nc3 Qe6 48. a3 Rh2 49. Qg3 Rh8 50. Qf3 Rh2 51. Qg3 1/2-1/2

[Event "Gipslis mem corr"]
[Site "Russia"]
[Date "2004.??.??"]
[Round "?"]
[White "Bragin, Aleksandr Borisovic"]
[Black "Muzyka, Yury Avraamovich"]
[Result "0-1"]
[WhiteElo "2483"]
[BlackElo "2488"]
[PlyCount "62"]
[EventDate "2001.07.15"]
[EventType "tourn (corr)"]
[EventRounds "16"]
[EventCountry "RUS"]
[EventCategory "9"]
[SourceTitle "Corr 2008"]
[Source "ChessBase"]
[SourceDate "2008.06.24"]
[SourceVersion "1"]
[SourceVersionDate "2008.06.24"]
[SourceQuality "1"]

1. e4 e5 2. Nf3 Nc6 3. Bb5 a6 4. Ba4 Nf6 5. 0-0 Bc5 6. c3 b5 7. Bc2 d6 8. d4 Bb6 9. h3 0-0 10. Be3 Bb7 11. Nbd2 Re8 12. Re1 exd4 13. cxd4 Nb4 14. Bg5 h6 15. Bh4 g5 16. Bg3 Nxc2 17. Qxc2 Qd7 18. Re2 c5 19. dxc5 dxc5 20. Be5 Nh5 21. Rd1 Rad8 22. Ree1 Qe6 23. b3 f6 24. Bh2 g4 25. hxg4 Qxg4 26. Kh1 Rd7 27. Nf1 Rde7 28. N3d2 Qh4 29. f3 f5 30. g3 Qh3 31. Re2 Rg7 0-1

[Event "Gipslis mem corr"]
[Site "Russia"]
[Date "2004.??.??"]
[Round "?"]
[White "Graudins, Ilmars"]
[Black "Bragin, Aleksandr Borisovic"]
[Result "0-1"]
[WhiteElo "2431"]
[BlackElo "2483"]
[PlyCount "20"]
[EventDate "2001.07.15"]
[EventType "tourn (corr)"]
[EventRounds "16"]
[EventCountry "RUS"]
[EventCategory "9"]
[SourceTitle "Corr 2008"]
[Source "ChessBase"]
[SourceDate "2008.06.24"]
[SourceVersion "1"]
[SourceVersionDate "2008.06.24"]
[SourceQuality "1"]

1. e4 c5 2. Nc3 e6 3. Nf3 Nc6 4. d4 cxd4 5. Nxd4 a6 6. Be2 Qc7 7. 0-0 Nf6 8. Kh1 Be7 9. f4 d6 10. Be3 0-0 0-1

[Event "Gipslis mem corr"]
[Site "Russia"]
[Date "2004.??.??"]
[Round "?"]
[White "Kazoks, Aivars E"]
[Black "Bragin, Aleksandr Borisovic"]
[Result "1/2-1/2"]
[WhiteElo "2371"]
[BlackElo "2483"]
[PlyCount "72"]
[EventDate "2001.07.15"]
[EventType "tourn (corr)"]
[EventRounds "16"]
[EventCountry "RUS"]
[EventCategory "9"]
[SourceTitle "Corr 2008"]
[Source "ChessBase"]
[SourceDate "2008.06.24"]
[SourceVersion "1"]
[SourceVersionDate "2008.06.24"]
[SourceQuality "1"]

1. e4 c5 2. Nc3 Nc6 3. Nge2 e6 4. d4 cxd4 5. Nxd4 a6 6. Be2 Qc7 7. 0-0 Nf6 8. Kh1 Be7 9. f4 d6 10. Be3 0-0 11. Qe1 Nxd4 12. Bxd4 b5 13. a3 Bb7 14. Qg3 Bc6 15. Rae1 Qb7 16. Bd3 b4 17. axb4 Qxb4 18. Ne2 Qb7 19. e5 Nh5 20. Qh3 g6 21. Bc3 dxe5 22. Bxe5 Bf6 23. Nd4 Bxe5 24. fxe5 Bd5 25. b3 Rfd8 26. Ne2 Be4 27. Nc1 Bf5 28. Qe3 Ng7 29. Rf4 Rac8 30. Qd2 Rc5 31. b4 Rcd5 32. Qf2 a5 33. bxa5 Rxa5 34. Rd4 Rxd4 35. Qxd4 Rd5 36. Qc3 Rd8 1/2-1/2

[Event "RUS-Cup01"]
[Site "Tomsk"]
[Date "2003.07.04"]
[Round "1"]
[White "Bocharov, Dmitry"]
[Black "Bragin, Aleksandr Borisovic"]
[Result "1-0"]
[WhiteElo "2526"]
[BlackElo "2255"]
[PlyCount "67"]
[EventDate "2003.07.04"]
[EventType "swiss"]
[EventRounds "9"]
[EventCountry "RUS"]
[SourceTitle "CBM 095 Extra"]
[Source "ChessBase"]
[SourceDate "2003.09.04"]
[SourceVersion "1"]
[SourceVersionDate "2003.09.04"]
[SourceQuality "1"]

1. d4 Nf6 2. Nf3 e6 3. c4 d5 4. Nc3 Be7 5. Bg5 Nbd7 6. e3 0-0 7. Rc1 h6 8. Bh4 b6 9. cxd5 exd5 10. Bd3 c5 11. 0-0 Bb7 12. Bb1 Re8 13. Qa4 a6 14. Ne5 b5 15. Qc2 c4 16. Nxd7 Qxd7 17. Bxf6 Bxf6 18. Qh7+ Kf8 19. e4 g6 20. e5 Bg7 21. f4 Qg4 22. Rcd1 b4 23. f5 gxf5 24. Bxf5 Qg5 25. Na4 Bc8 26. Nc5 Bxf5 27. Rxf5 Qe3+ 28. Kh1 Ra7 29. Rf3 Qe2 30. Rdf1 Ree7 31. h3 a5 32. Kg1 Qxb2 33. Rf4 b3 34. Rg4 1-0